00930nac a22002411u 4500010001700000020001500017082001700032090001500049100003400064245010700098250001200205260004600217300005500263500002800318504006500346511002900411651004400440700003000484700002000514942001900534999001500553952012000568 a 2001131511 a061814431500a320.473bJAN c5759d5759 aJanda, Kenneth. 14aThe challenge of democracy :bgovernment in America /cKenneth Janda, Jeffrey M. Berry, Jerry Goldman. a7th ed. aBoston :bHoughton Mifflin,c2002.cc2002. axxiii, 671, A1-98 p. :bill. (some col.) ;c26 cm. aDistributer : Al-Ahram. aIncludes bibliographical references (p. A35-65) and indexes. aCatalogued By : Mahitab. 0aUnited StatesxPolitics and government.1 aBerry, Jeffrey M.,d1948-1 aGoldman, Jerry. cBBk320.473JAN c5759d5759 00104070aMAINbMAINc1STd2005-11-07ePurchasel6m6o320.473JANp000007478r2025-07-15 00:00:00s2022-04-10yBB